000 00791nam a2200301Ia 4500
001 7278
005 20240113234006.0
007 ta
008 050704s1987 a g b000 u eng u
020 _cHB
040 _aCoptton College Assa
041 _aeng
082 _a552.5
_bEh 56 Pe
100 _aEhlers, Ernest G. .
245 0 _aPetrology /
_cErnest G. Ehlers & Harvey Blatt.
_hTextual Documents
250 _a1st ed /
260 _aDelhi :
_bCBS Publishers & Distributors ,
_c1987.
300 _axvi, 732p. :
_bill. ;
_c22cm. .
504 _aIndex
653 _aGeology-Petrology
653 _aPetrology-Rocks
653 _aPetroleum geology
653 _aRocks-Petrology
653 _aPG-Geology
942 _2ddc
_cBK
999 _c7265
_d7265